| 000 | 00000nam##2200000za#4500 |
| 001 | 9.588041 |
| 003 | CaOODSP |
| 005 | 20210624194928 |
| 007 | cr ||||||||||| |
| 008 | 150406|2010||||xxc|||||o f|0| 0 eng|d |
| 022 | |a1701-1280 |
| 040 | |aCaOODSP|beng |
| 041 | |aeng |
| 041 | |afre |
| 043 | |an-cn--- |
| 086 | 1 |aFs70-4/2010-025-PDF |
| 110 | 1 |aCanada. |bDepartment of Fisheries and Oceans. |
| 245 | 10|aNational advisory meeting on ocean fertilization consequences and impacts : |h[electronic resource]|bSeptember 29 and 30, 2009, Boulton Room, 615 Booth Street, Ottawa, Ontario / |cmeeting chairperson: Denis Gilbert. |
| 260 | |aOttawa - Ontario : |bFisheries and Oceans Canada |cNovember 2010. |
| 300 | |a28p.|btables |
| 490 | 1 |aCanadian Science Advisory Secretariat proceedings series|x1701-1280|v2010/025 |
| 590 | |a12-31-Supp|b2012-07-06 |
| 792 | |tRéunion d'avis scientifique nationale sur les conséquences et impacts de la fertilisation : |efre|w(CaOODSP)9.588042 |
| 830 | #0|aProceedings series (Canadian Science Advisory Secretariat)|x1701-1280|v2010/025|w(CaOODSP)9.500507 |
| 856 | 40|ahttp://publications.gc.ca|qPDF|s117 KB|uhttps://publications.gc.ca/collections/collection_2012/mpo-dfo/Fs70-4-2010-025.pdf|y2010/025 |